[Event "43. Olimpiada Batumi 2018 Femenina"]
[Site "Batumi GEO"]
[Date "2018.09.28"]
[Round "5.1"]
[White "Danielian, Elina"]
[Black "Ju, Wenjun"]
[Result "1/2-1/2"]
[WhiteElo "2409"]
[BlackElo "2561"]
[PlyCount "128"]
[EventDate "2018.09.24"]
[EventType "team-swiss"]
[EventRounds "11"]
[EventCountry "GEO"]
[SourceTitle "Ajedrez en Madrid"]
[Source "lmi"]
[SourceDate "2018.09.24"]
[WhiteTeam "Armenia"]
[BlackTeam "China"]
[WhiteTeamCountry "ARM"]
[BlackTeamCountry "CHN"]

1. Nf3 Nf6 2. d4 e6 3. e3 b6 4. Bd3 Bb7 5. O-O d5 6. c4 Bd6 7. Nbd2 Nbd7 8. b3
O-O 9. Bb2 Ne4 10. Qc2 Ndf6 11. cxd5 exd5 12. Ne5 c5 13. Bxe4 dxe4 14. Ndc4 Be7
15. dxc5 Bxc5 16. Rfd1 Qe7 17. a3 a5 18. Qc3 Rfd8 19. Ng4 Ne8 20. Nh6+ Kf8 21.
Nf5 Qg5 22. Ng3 Rac8 23. Qe1 Qe7 24. Qe2 Qe6 25. Qh5 Kg8 26. Ne2 Qe7 27. Nf4
Rxd1+ 28. Rxd1 Rd8 29. Rxd8 Qxd8 30. h3 Qe7 31. b4 axb4 32. axb4 Bxb4 33. Qb5
Bc5 34. Nxb6 Nc7 35. Qb3 Ne8 36. Nc4 h6 37. Na5 Bc8 38. Nc6 Qb7 39. Qxb7 Bxb7
40. Na5 Ba8 41. Nb3 Bd6 42. Ne2 f5 43. Nbd4 g6 44. Nc3 Kf7 45. Ncb5 Be7 46. Ba3
Bf6 47. Bc5 Be5 48. g3 Kf6 49. Bf8 h5 50. h4 Bd5 51. Bc5 Bc4 52. Na3 Bd3 53.
Nab5 Kf7 54. Kg2 Bc4 55. Kg1 Kf6 56. Kg2 Nc7 57. Nxc7 Bxc7 58. Kg1 Kf7 59. Kg2
Be5 60. Kg1 Bd5 61. Ne2 Bc6 62. Nd4 Bd5 63. Ne2 Bc6 64. Nd4 Bd5 1/2-1/2

[Event "43. Olimpiada Batumi 2018 Femenina"]
[Site "Batumi GEO"]
[Date "2018.09.28"]
[Round "5.2"]
[White "Shen, Yang"]
[Black "Mkrtchian, Lilit"]
[Result "0-1"]
[WhiteElo "2464"]
[BlackElo "2384"]
[PlyCount "120"]
[EventDate "2018.09.24"]
[EventType "team-swiss"]
[EventRounds "11"]
[EventCountry "GEO"]
[SourceTitle "Ajedrez en Madrid"]
[Source "lmi"]
[SourceDate "2018.09.24"]
[WhiteTeam "China"]
[BlackTeam "Armenia"]
[WhiteTeamCountry "CHN"]
[BlackTeamCountry "ARM"]

1. d4 d5 2. c4 dxc4 3. Nf3 Nf6 4. e3 e6 5. Bxc4 c5 6. O-O a6 7. dxc5 Qxd1 8.
Rxd1 Bxc5 9. Be2 Ke7 10. Ne5 Nbd7 11. Nc4 Nb6 12. b4 Nxc4 13. bxc5 Ne5 14. Nc3
Bd7 15. e4 Bc6 16. Bf4 Nfd7 17. Be3 f6 18. f4 Nf7 19. Rab1 g5 20. g3 h5 21. f5
exf5 22. Nd5+ Kf8 23. Nc7 Rc8 24. Ne6+ Ke7 25. exf5 Nfe5 26. Rd4 Nf8 27. Rd6
Nfd7 28. Rb4 a5 29. Rb2 Be4 30. Rd4 Bxf5 31. Ng7 Bg4 32. Rd6 Nxc5 33. Bxg4 Kxd6
34. Bxc8 Rxc8 35. Nxh5 Ne4 36. Kg2 Nc4 37. Rxb7 Nxe3+ 38. Kf3 Re8 39. Ng7 Re5
40. Rb6+ Kc7 41. Re6 Nd2+ 42. Ke2 Ndc4 43. Rxe5 fxe5 44. Ne6+ Kd6 45. Nxg5 Ng4
46. h3 Nf6 47. Kd3 Kd5 48. g4 e4+ 49. Ke2 Ke5 50. Nf7+ Kf4 51. Nd8 Nd5 52. Ne6+
Ke5 53. Nc5 Nf4+ 54. Kf2 Nxh3+ 55. Kg3 Ng5 56. Nb3 e3 57. Nc1 Ke4 58. Kh4 Nf3+
59. Kg3 Nd4 60. a4 Nb2 0-1

[Event "43. Olimpiada Batumi 2018 Femenina"]
[Site "Batumi GEO"]
[Date "2018.09.28"]
[Round "5.3"]
[White "Sargsyan, Anna M"]
[Black "Huang, Qian"]
[Result "1/2-1/2"]
[WhiteElo "2331"]
[BlackElo "2446"]
[PlyCount "99"]
[EventDate "2018.09.24"]
[EventType "team-swiss"]
[EventRounds "11"]
[EventCountry "GEO"]
[SourceTitle "Ajedrez en Madrid"]
[Source "lmi"]
[SourceDate "2018.09.24"]
[WhiteTeam "Armenia"]
[BlackTeam "China"]
[WhiteTeamCountry "ARM"]
[BlackTeamCountry "CHN"]

1. d4 Nf6 2. Nf3 g6 3. Bg5 Bg7 4. Nbd2 d5 5. e3 Nbd7 6. Be2 O-O 7. O-O c5 8. c3
Re8 9. Rc1 Qb6 10. Qa4 h6 11. Bh4 Qd8 12. Rfd1 a6 13. dxc5 Nxc5 14. Qa3 Ncd7
15. c4 e6 16. cxd5 exd5 17. Bg3 Bf8 18. Bd6 Bxd6 19. Qxd6 Qb6 20. Qf4 Kg7 21.
Qd4 Qxd4 22. Nxd4 Nb6 23. Rc7 Rb8 24. b3 Bd7 25. a4 Rec8 26. Rdc1 Rxc7 27. Rxc7
Ne8 28. Rc1 Rc8 29. Rxc8 Nxc8 30. a5 Ncd6 31. b4 Nc7 32. N2b3 Bc8 33. Kf1 Kf6
34. Bd3 Ke7 35. Ke2 Bd7 36. Nc5 Bc8 37. Kd2 Bd7 38. f3 Bc8 39. Na4 Be6 40. Nb6
Bd7 41. Nb3 Bc6 42. Nc5 g5 43. Bc2 Kf6 44. Bb3 Ke7 45. Kd3 f6 46. Kd2 Kd8 47.
Bc2 Ke7 48. Bd3 Kf7 49. Kc3 Ke7 50. Bc2 1/2-1/2

[Event "43. Olimpiada Batumi 2018 Femenina"]
[Site "Batumi GEO"]
[Date "2018.09.28"]
[Round "5.4"]
[White "Lei, Tingjie"]
[Black "Kursova, Maria"]
[Result "1-0"]
[WhiteElo "2468"]
[BlackElo "2289"]
[PlyCount "115"]
[EventDate "2018.09.24"]
[EventType "team-swiss"]
[EventRounds "11"]
[EventCountry "GEO"]
[SourceTitle "Ajedrez en Madrid"]
[Source "lmi"]
[SourceDate "2018.09.24"]
[WhiteTeam "China"]
[BlackTeam "Armenia"]
[WhiteTeamCountry "CHN"]
[BlackTeamCountry "ARM"]

1. e4 c5 2. Nf3 Nc6 3. Nc3 e6 4. d4 cxd4 5. Nxd4 Qc7 6. Be3 a6 7. Be2 Nf6 8.
O-O Be7 9. f4 d6 10. Qe1 O-O 11. Qg3 Nxd4 12. Bxd4 b5 13. a3 Bb7 14. Kh1 Rad8
15. Rae1 Bc6 16. Bd3 Qd7 17. e5 dxe5 18. Bxe5 g6 19. f5 exf5 20. Rxf5 Ne8 21.
Rff1 Bd6 22. Ne4 Bxe5 23. Qxe5 Bxe4 24. Rxe4 Ng7 25. Rh4 Qd5 26. Qe3 h5 27. a4
Rfe8 28. Qa7 Nf5 29. Rhf4 Ne3 30. R1f3 Rd7 31. Qxa6 bxa4 32. h3 Qg5 33. g3 Nd5
34. Qb5 Re1+ 35. Kh2 Qd8 36. Rd4 Rd1 37. Rf2 Rd6 38. Qc5 Rf6 39. Rg2 Qe8 40.
Re4 Qa8 41. Qb5 Nc7 42. Qxa4 Qf8 43. Qb4 Qh6 44. Rf4 Re6 45. Qb8+ Ne8 46. Re2
g5 47. Rfe4 Qf8 48. Qb5 Ng7 49. Qxg5 Rg6 50. Qf4 Qc5 51. Qf2 Qc6 52. Re1 Rf6
53. Qg2 Rxe1 54. Rxe1 Qa4 55. Qe4 Qxe4 56. Rxe4 Ne6 57. Kg2 Kf8 58. b4 1-0

[Event "43. Olimpiada Batumi 2018 Femenina"]
[Site "Batumi GEO"]
[Date "2018.09.28"]
[Round "5.1"]
[White "Zatonskih, Anna"]
[Black "Munguntuul, Batkhuyag"]
[Result "1-0"]
[WhiteElo "2431"]
[BlackElo "2422"]
[PlyCount "105"]
[EventDate "2018.09.24"]
[EventType "team-swiss"]
[EventRounds "11"]
[EventCountry "GEO"]
[SourceTitle "Ajedrez en Madrid"]
[Source "lmi"]
[SourceDate "2018.09.24"]
[WhiteTeam "United States of America"]
[BlackTeam "Mongolia"]
[BlackTeamCountry "MGL"]

1. d4 d5 2. c4 c6 3. Nf3 Nf6 4. Qc2 dxc4 5. Qxc4 Bf5 6. g3 Nbd7 7. Bg2 e6 8.
O-O Be7 9. e3 O-O 10. Qe2 Ne4 11. Rd1 Qc7 12. Nfd2 Nxd2 13. Bxd2 c5 14. e4 Bg6
15. Bf4 Qb6 16. d5 exd5 17. Nc3 d4 18. Nd5 Qd8 19. Bc7 Qe8 20. e5 Bf5 21. Nxe7+
Qxe7 22. Bd6 Qe6 23. Bxb7 Rab8 24. Bg2 d3 25. Qd2 Nxe5 26. Bxf8 Kxf8 27. Re1
Qf6 28. Qe3 Nd7 29. b3 Qd6 30. Rad1 Nf6 31. Qe5 Qxe5 32. Rxe5 Bg6 33. Rxc5 Rd8
34. Rd2 Ne4 35. Bxe4 Bxe4 36. Rc3 Rd7 37. f3 Bg6 38. Kf2 f6 39. g4 Kf7 40. h3
h6 41. h4 Bh7 42. h5 g5 43. hxg6+ Bxg6 44. Rc5 Kg7 45. f4 Be4 46. f5 Re7 47.
Kg3 Kf7 48. Kf4 Kg7 49. Rc4 Bb7 50. Rxd3 Ba6 51. Re3 Rd7 52. Rc5 Bb7 53. Rec3
1-0

[Event "43. Olimpiada Batumi 2018 Femenina"]
[Site "Batumi GEO"]
[Date "2018.09.28"]
[Round "5.2"]
[White "Nomin-Erdene, Davaademberel"]
[Black "Krush, Irina"]
[Result "0-1"]
[WhiteElo "2377"]
[BlackElo "2423"]
[PlyCount "149"]
[EventDate "2018.09.24"]
[EventType "team-swiss"]
[EventRounds "11"]
[EventCountry "GEO"]
[SourceTitle "Ajedrez en Madrid"]
[Source "lmi"]
[SourceDate "2018.09.24"]
[WhiteTeam "Mongolia"]
[BlackTeam "United States of America"]
[WhiteTeamCountry "MGL"]

1. e4 c5 2. Nf3 e6 3. d4 cxd4 4. Nxd4 a6 5. c4 Nf6 6. Nc3 Qc7 7. a3 b6 8. Be3
Bb7 9. f3 d6 10. Rc1 Be7 11. b4 O-O 12. Be2 Nbd7 13. O-O Rfc8 14. Qd2 Rab8 15.
Rc2 Ne5 16. Na4 Ba8 17. Rfc1 Qd7 18. Nb2 Qe8 19. Nb3 h6 20. Qe1 Qd8 21. Kh1
Nfd7 22. a4 a5 23. c5 bxc5 24. b5 Qf8 25. Nxa5 f5 26. exf5 Qxf5 27. Nac4 Nxc4
28. Rxc4 d5 29. R4c2 c4 30. Qg3 Kh8 31. f4 Rf8 32. Bd4 Bf6 33. Bg4 Qe4 34. Ba7
Rbe8 35. Re2 Qg6 36. a5 Bd8 37. a6 Bc7 38. Bh3 Qf6 39. Rf1 Bxf4 40. Qe1 Qg6 41.
Bd4 c3 42. Bxc3 d4 43. Bxd4 Qh5 44. Kg1 Qxb5 45. a7 e5 46. Bf2 Nc5 47. Bg3 Ne4
48. Bxf4 exf4 49. Bg4 Qc5+ 50. Kh1 Qxa7 51. Nd3 g5 52. Qb4 Nf6 53. Rxe8 Rxe8
54. Qc3 Qg7 55. Bf5 Nd5 56. Qxg7+ Kxg7 57. Ra1 Ne3 58. Bd7 Bxg2+ 59. Kg1 Re7
60. Nc5 Bd5 61. Kf2 Bf7 62. h3 Re5 63. Rc1 Rd5 64. Bc6 Rd2+ 65. Kg1 Rc2 66.
Rxc2 Nxc2 67. Kf2 Kf6 68. Bd7 Ke5 69. Nd3+ Kd6 70. Bg4 Bg6 71. Nc1 Ne3 72. Be2
Bf5 73. h4 g4 74. Ba6 g3+ 75. Ke1 0-1

[Event "43. Olimpiada Batumi 2018 Femenina"]
[Site "Batumi GEO"]
[Date "2018.09.28"]
[Round "5.3"]
[White "Foisor, Sabina-Francesca"]
[Black "Yanjindulam, Dulamsuren"]
[Result "1/2-1/2"]
[WhiteElo "2311"]
[BlackElo "2123"]
[PlyCount "100"]
[EventDate "2018.09.24"]
[EventType "team-swiss"]
[EventRounds "11"]
[EventCountry "GEO"]
[SourceTitle "Ajedrez en Madrid"]
[Source "lmi"]
[SourceDate "2018.09.24"]
[WhiteTeam "United States of America"]
[BlackTeam "Mongolia"]
[BlackTeamCountry "MGL"]

1. d4 d6 2. Nf3 f5 3. b3 Nf6 4. Bb2 e6 5. g3 Be7 6. Bg2 O-O 7. c4 c6 8. O-O Ne4
9. Nbd2 Nxd2 10. Qxd2 Nd7 11. Qc2 Nf6 12. e3 Qe8 13. Ne1 Bd8 14. Nd3 Bc7 15. c5
d5 16. b4 Bd7 17. a4 g5 18. f4 h6 19. Bc3 Qh5 20. Qd1 Be8 21. Qxh5 Bxh5 22. Ra2
Be8 23. Rb1 a6 24. Bf1 Ne4 25. Be1 Bd7 26. Nf2 Nf6 27. Rba1 Rfb8 28. b5 axb5
29. axb5 Rxa2 30. Rxa2 cxb5 31. Nd3 Ne4 32. Nb4 Be8 33. Ra7 Bd8 34. Bd3 Nf6 35.
Bc3 Kf8 36. Bb2 Ng4 37. Bc1 Nf6 38. Bd2 Ng4 39. h3 Nf6 40. Kg2 Bc6 41. Nc2 g4
42. h4 Be7 43. Ra2 Be8 44. Bb4 Bc6 45. Ra7 Be8 46. Ba5 Bc6 47. Bb4 Nd7 48. Ra5
Bd8 49. Ra7 Be7 50. Ra5 Bd8 1/2-1/2

[Event "43. Olimpiada Batumi 2018 Femenina"]
[Site "Batumi GEO"]
[Date "2018.09.28"]
[Round "5.4"]
[White "Batchimeg, Tuvshintugs"]
[Black "Yu, Jennifer"]
[Result "0-1"]
[WhiteElo "2367"]
[BlackElo "2268"]
[PlyCount "124"]
[EventDate "2018.09.24"]
[EventType "team-swiss"]
[EventRounds "11"]
[EventCountry "GEO"]
[SourceTitle "Ajedrez en Madrid"]
[Source "lmi"]
[SourceDate "2018.09.24"]
[WhiteTeam "Mongolia"]
[BlackTeam "United States of America"]
[WhiteTeamCountry "MGL"]

1. d4 d5 2. c4 c6 3. Nf3 Nf6 4. g3 dxc4 5. Bg2 b5 6. O-O Bb7 7. b3 cxb3 8. axb3
e6 9. Bb2 Nbd7 10. Qc2 Nd5 11. Nc3 Be7 12. Ne4 O-O 13. Rfc1 a5 14. h4 h6 15.
Ne5 Nb4 16. Qc3 Nd5 17. Qd2 Bb4 18. Qc2 Rc8 19. Nc5 Nxc5 20. dxc5 Qe7 21. Nd3
Rfd8 22. Be5 Ra8 23. e4 Nf6 24. Bd6 Qe8 25. Qb2 Qd7 26. Nxb4 axb4 27. Qd4 Ne8
28. e5 Nc7 29. Qxb4 Nd5 30. Qd4 Qe8 31. Be4 Rxa1 32. Rxa1 Ra8 33. Re1 Bc8 34.
h5 Ra7 35. Bd3 g6 36. Qg4 Kg7 37. Qf3 Qd8 38. Kg2 Ra2 39. Rh1 Qg5 40. hxg6 Ne3+
41. Kg1 Ra1+ 42. Kh2 Ng4+ 43. Kg2 Ra7 44. Be4 fxg6 45. Qf8+ Kh7 46. Bb1 Qd2 47.
Rh4 Qd5+ 48. Qf3 Rf7 49. Qxd5 exd5 50. f4 Kg7 51. Kf3 h5 52. Rh1 Ra7 53. f5
Bxf5 54. Bxf5 Rf7 55. e6 Rxf5+ 56. Ke2 Rf2+ 57. Kd3 Rf3+ 58. Kd2 Rf2+ 59. Kd3
Rf3+ 60. Kd4 Nf2 61. Rf1 Kf6 62. Be5+ Kxe6 0-1

[Event "43. Olimpiada Batumi 2018 Femenina"]
[Site "Batumi GEO"]
[Date "2018.09.28"]
[Round "5.1"]
[White "Dzagnidze, Nana"]
[Black "Muzychuk, Anna"]
[Result "1/2-1/2"]
[WhiteElo "2509"]
[BlackElo "2555"]
[PlyCount "73"]
[EventDate "2018.09.24"]
[EventType "team-swiss"]
[EventRounds "11"]
[EventCountry "GEO"]
[SourceTitle "Ajedrez en Madrid"]
[Source "lmi"]
[SourceDate "2018.09.24"]
[WhiteTeam "Georgia 1"]
[BlackTeam "Ukraine"]
[BlackTeamCountry "UKR"]

1. Nf3 d5 2. e3 Nf6 3. c4 c6 4. b3 e6 5. Bb2 Bd6 6. g4 O-O 7. g5 Nfd7 8. h4 e5
9. cxd5 cxd5 10. Nc3 e4 11. Nd4 Ne5 12. Be2 Be6 13. d3 exd3 14. Bxd3 Nbc6 15.
Nxc6 bxc6 16. f4 d4 17. fxe5 dxc3 18. Bxc3 Bxe5 19. Qc2 Bxc3+ 20. Qxc3 Bd5 21.
Rf1 Qe7 22. O-O-O Rfe8 23. Kb2 Qe5 24. Qxe5 Rxe5 25. e4 Be6 26. Bc2 Kf8 27. Rd4
a5 28. Bd3 Ke7 29. Rc1 c5 30. Ra4 h6 31. gxh6 gxh6 32. Bb5 Ra7 33. Rc2 Rh5 34.
Be2 Re5 35. Bb5 Rh5 36. Be2 Re5 37. Bb5 1/2-1/2

[Event "43. Olimpiada Batumi 2018 Femenina"]
[Site "Batumi GEO"]
[Date "2018.09.28"]
[Round "5.2"]
[White "Muzychuk, Mariya"]
[Black "Javakhishvili, Lela"]
[Result "1/2-1/2"]
[WhiteElo "2533"]
[BlackElo "2475"]
[PlyCount "62"]
[EventDate "2018.09.24"]
[EventType "team-swiss"]
[EventRounds "11"]
[EventCountry "GEO"]
[SourceTitle "Ajedrez en Madrid"]
[Source "lmi"]
[SourceDate "2018.09.24"]
[WhiteTeam "Ukraine"]
[BlackTeam "Georgia 1"]
[WhiteTeamCountry "UKR"]

1. e4 e6 2. d4 d5 3. Nd2 c5 4. exd5 exd5 5. Ngf3 Nc6 6. Be2 Nf6 7. O-O c4 8. b3
c3 9. Nb1 Ne4 10. Qe1 Bb4 11. Bd3 f5 12. a3 Qa5 13. axb4 Qxa1 14. Ba3 a5 15.
bxa5 Rxa5 16. Bc5 Rxc5 17. dxc5 O-O 18. Qe3 f4 19. Qe1 Nxc5 20. Nxc3 Qxe1 21.
Rxe1 Nxd3 22. cxd3 Bf5 23. Nxd5 Bxd3 24. Ne7+ Nxe7 25. Rxe7 Ba6 26. Ng5 h6 27.
Ne6 Rf7 28. Re8+ Kh7 29. Nf8+ Kg8 30. Ng6+ Kh7 31. Nf8+ Kg8 1/2-1/2

[Event "43. Olimpiada Batumi 2018 Femenina"]
[Site "Batumi GEO"]
[Date "2018.09.28"]
[Round "5.3"]
[White "Batsiashvili, Nino"]
[Black "Ushenina, Anna"]
[Result "0-1"]
[WhiteElo "2482"]
[BlackElo "2451"]
[PlyCount "96"]
[EventDate "2018.09.24"]
[EventType "team-swiss"]
[EventRounds "11"]
[EventCountry "GEO"]
[SourceTitle "Ajedrez en Madrid"]
[Source "lmi"]
[SourceDate "2018.09.24"]
[WhiteTeam "Georgia 1"]
[BlackTeam "Ukraine"]
[BlackTeamCountry "UKR"]

1. c4 e6 2. g3 d5 3. d4 Nf6 4. Bg2 dxc4 5. Qa4+ Nbd7 6. Nc3 a6 7. Nf3 Rb8 8.
Qxc4 b5 9. Qd3 Bb7 10. O-O c5 11. Bf4 Rc8 12. dxc5 Bxc5 13. Rad1 O-O 14. Qb1 b4
15. Na4 Be4 16. Qa1 Be7 17. Ne5 Bxg2 18. Nxd7 Nxd7 19. Kxg2 Qe8 20. b3 Nf6 21.
Be5 Rc2 22. Rfe1 Qb5 23. e4 Nxe4 24. Rxe4 Qc6 25. Rde1 f5 26. Bxg7 Rf7 27. Bd4
fxe4 28. Kg1 Bg5 29. Qd1 e3 30. Qg4 exf2+ 31. Bxf2 Rf5 32. Rf1 Qf3 33. Qxf3
Rxf3 34. Bb6 Be3+ 35. Bxe3 Rxe3 36. Rf2 Re1+ 37. Kg2 Rxf2+ 38. Kxf2 Ra1 39. h4
Rxa2+ 40. Ke3 Rc2 41. Kd3 Rc6 42. Kd4 a5 43. g4 Kf7 44. Nc5 e5+ 45. Kd5 Rxc5+
46. Kxc5 e4 47. Kd4 a4 48. bxa4 b3 0-1

[Event "43. Olimpiada Batumi 2018 Femenina"]
[Site "Batumi GEO"]
[Date "2018.09.28"]
[Round "5.4"]
[White "Zhukova, Natalia"]
[Black "Khotenashvili, Bela"]
[Result "0-1"]
[WhiteElo "2403"]
[BlackElo "2469"]
[PlyCount "166"]
[EventDate "2018.09.24"]
[EventType "team-swiss"]
[EventRounds "11"]
[EventCountry "GEO"]
[SourceTitle "Ajedrez en Madrid"]
[Source "lmi"]
[SourceDate "2018.09.24"]
[WhiteTeam "Ukraine"]
[BlackTeam "Georgia 1"]
[WhiteTeamCountry "UKR"]

1. d4 d5 2. c4 e6 3. Nc3 Be7 4. cxd5 exd5 5. Bf4 c6 6. Qc2 Nf6 7. e3 Nh5 8. Be5
Nd7 9. Be2 Nxe5 10. dxe5 g6 11. Bxh5 gxh5 12. Nf3 f6 13. e4 d4 14. exf6 Bxf6
15. O-O-O O-O 16. Ne2 c5 17. Qxc5 Be6 18. Kb1 Rc8 19. Qa3 Be7 20. Qd3 Bc4 21.
Qd2 d3 22. Nc1 Qb6 23. Nxd3 Bf6 24. e5 Bg7 25. Qe3 Qg6 26. Nh4 Qa6 27. Nc1 Be6
28. Nb3 Qc4 29. Nf3 a5 30. Rc1 Qb4 31. Nfd4 Bd5 32. Rxc8 Rxc8 33. Rc1 Re8 34.
a3 Qb6 35. f4 Kh8 36. Nd2 Rd8 37. Nc2 Qg6 38. Qc5 b6 39. Qc7 Rf8 40. g3 Be6 41.
Nf3 Rc8 42. Qd6 Bf8 43. Qd2 Bg8 44. Nfd4 Qe4 45. Qe3 Qd5 46. e6 Bg7 47. Re1 Qc5
48. Qe4 Bf6 49. h3 Qc4 50. g4 h6 51. g5 Bh7 52. g6 Bg8 53. Nf5 Bxe6 54. Qxc4
Bxc4 55. Nd6 Rc6 56. Nxc4 Rxc4 57. f5 Rc5 58. Re8+ Kg7 59. Ne3 Rb5 60. Kc2 Bg5
61. Nc4 Rxf5 62. Re6 Rf2+ 63. Kd3 Rh2 64. Rxb6 Rxh3+ 65. Ke4 Rh4+ 66. Kd5 Bf6
67. Ne5 Bxe5 68. Kxe5 Rg4 69. b4 axb4 70. axb4 h4 71. Ra6 h3 72. Ra3 Rh4 73.
Ra1 Kxg6 74. b5 Kg5 75. Rh1 Kg4 76. b6 Rh5+ 77. Ke4 Rb5 78. Rg1+ Kh4 79. Kf3 h2
80. Rh1 Kh3 81. Kf2 Rxb6 82. Rc1 Rf6+ 83. Ke2 Kg2 0-1

[Event "43. Olimpiada Batumi 2018 Femenina"]
[Site "Batumi GEO"]
[Date "2018.09.28"]
[Round "5.1"]
[White "Lujan, Carolina"]
[Black "Koneru, Humpy"]
[Result "0-1"]
[WhiteElo "2350"]
[BlackElo "2557"]
[PlyCount "104"]
[EventDate "2018.09.24"]
[EventType "team-swiss"]
[EventRounds "11"]
[EventCountry "GEO"]
[SourceTitle "Ajedrez en Madrid"]
[Source "lmi"]
[SourceDate "2018.09.24"]
[WhiteTeam "Argentina"]
[BlackTeam "India"]
[WhiteTeamCountry "ARG"]
[BlackTeamCountry "IND"]

1. e4 e5 2. Nf3 Nc6 3. Bc4 Bc5 4. d3 Nf6 5. O-O O-O 6. Bb3 h6 7. c3 d5 8. exd5
Nxd5 9. h3 Bf5 10. Re1 Qd6 11. Nh4 Bh7 12. Qf3 Nde7 13. d4 exd4 14. Bf4 Qf6 15.
Qg3 Bb6 16. Nd2 g5 17. Be5 Nxe5 18. Rxe5 Nc6 19. Ree1 Rae8 20. Nc4 dxc3 21.
bxc3 Bxf2+ 22. Qxf2 Qxf2+ 23. Kxf2 gxh4 24. Ba4 Re6 25. Rad1 a6 26. Bb3 Rxe1
27. Rxe1 Rd8 28. Kg1 Kg7 29. Ne3 Na5 30. Bd1 Rd3 31. Bf3 Rxc3 32. Nd5 Rc4 33.
Re7 c6 34. Nb6 Rb4 35. Nd7 Bg6 36. Re8 Nc4 37. Rb8 a5 38. Kh2 Rb2 39. a4 Rb4
40. Nc5 Nd6 41. Rd8 Ne4 42. Bxe4 Bxe4 43. Rb8 Bd5 44. Rxb7 Rc4 45. Nd3 Rxa4 46.
Nc1 Rb4 47. Re7 a4 48. Re3 Rb2 49. Ne2 a3 50. g4 a2 51. g5 a1=Q 52. gxh6+ Kf8
0-1

[Event "43. Olimpiada Batumi 2018 Femenina"]
[Site "Batumi GEO"]
[Date "2018.09.28"]
[Round "5.2"]
[White "Harika, Dronavalli"]
[Black "Amura, Claudia"]
[Result "1/2-1/2"]
[WhiteElo "2500"]
[BlackElo "2249"]
[PlyCount "129"]
[EventDate "2018.09.24"]
[EventType "team-swiss"]
[EventRounds "11"]
[EventCountry "GEO"]
[SourceTitle "Ajedrez en Madrid"]
[Source "lmi"]
[SourceDate "2018.09.24"]
[WhiteTeam "India"]
[BlackTeam "Argentina"]
[WhiteTeamCountry "IND"]
[BlackTeamCountry "ARG"]

1. c4 e6 2. Nc3 d5 3. d4 c5 4. cxd5 exd5 5. Nf3 Nc6 6. dxc5 d4 7. Na4 Bxc5 8.
Nxc5 Qa5+ 9. Qd2 Qxc5 10. a3 Bg4 11. b4 Qd5 12. Bb2 Rd8 13. Rd1 Bxf3 14. exf3
a6 15. Bd3 Nge7 16. O-O O-O 17. Rfe1 Rd7 18. f4 Rfd8 19. Qc2 Qh5 20. g3 Rd6 21.
Qe2 Qh3 22. Qf1 Qd7 23. Rd2 Nd5 24. Qg2 b5 25. Rc2 f5 26. Qf3 Re6 27. Rxe6 Qxe6
28. Kg2 Nde7 29. Rd2 Qd5 30. Qxd5+ Rxd5 31. Rc2 Rd6 32. Bc1 Kf7 33. Bd2 Kf6 34.
a4 Nd5 35. Rb2 bxa4 36. b5 a3 37. Ra2 axb5 38. Rxa3 b4 39. Ra1 Nc3 40. Ra6 Ke6
41. Rb6 g6 42. Bc4+ Ke7 43. f3 Kd8 44. Kf2 Kc7 45. Ra6 Rd8 46. h4 Rb8 47. Bb3
Rb5 48. Bc4 Ra5 49. Bc1 Rxa6 50. Bxa6 Na5 51. Ke1 Kd6 52. g4 fxg4 53. fxg4 Kd5
54. Bd3 Nb3 55. Bb2 Na4 56. Bc2 Nxb2 57. Bxb3+ Ke4 58. Kd2 Kxf4 59. h5 Kxg4 60.
hxg6 hxg6 61. Kc2 Kf3 62. Kxb2 Ke2 63. Bf7 g5 64. Bh5+ Kd2 65. Kb3 1/2-1/2

[Event "43. Olimpiada Batumi 2018 Femenina"]
[Site "Batumi GEO"]
[Date "2018.09.28"]
[Round "5.3"]
[White "Fernandez, Maria Florencia"]
[Black "Tania, Sachdev"]
[Result "0-1"]
[WhiteElo "2219"]
[BlackElo "2400"]
[PlyCount "72"]
[EventDate "2018.09.24"]
[EventType "team-swiss"]
[EventRounds "11"]
[EventCountry "GEO"]
[SourceTitle "Ajedrez en Madrid"]
[Source "lmi"]
[SourceDate "2018.09.24"]
[WhiteTeam "Argentina"]
[BlackTeam "India"]
[WhiteTeamCountry "ARG"]
[BlackTeamCountry "IND"]

1. d4 Nf6 2. c4 e6 3. Nc3 Bb4 4. a3 Bxc3+ 5. bxc3 Nc6 6. f3 b6 7. e4 d6 8. Bd3
Na5 9. Bg5 Ba6 10. e5 dxe5 11. dxe5 h6 12. Bh4 g5 13. Bf2 Nh5 14. Ne2 Bxc4 15.
Bxc4 Qxd1+ 16. Rxd1 Nxc4 17. h4 Nf4 18. Nxf4 gxf4 19. O-O Nxa3 20. Rfe1 Nc2 21.
Re4 Ne3 22. Rd2 a5 23. c4 Rd8 24. Rxd8+ Kxd8 25. Rxf4 Nc2 26. Re4 c5 27. Re2
Nb4 28. h5 a4 29. Be1 Kc7 30. g4 a3 31. Bc3 Rd8 32. Kf2 a2 33. Kg3 Rd3 34. Ba1
Rd1 35. g5 Rxa1 36. gxh6 Rg1+ 0-1

[Event "43. Olimpiada Batumi 2018 Femenina"]
[Site "Batumi GEO"]
[Date "2018.09.28"]
[Round "5.4"]
[White "Karavade, Eesha"]
[Black "Martinez, Ayelen"]
[Result "1-0"]
[WhiteElo "2374"]
[BlackElo "2215"]
[PlyCount "69"]
[EventDate "2018.09.24"]
[EventType "team-swiss"]
[EventRounds "11"]
[EventCountry "GEO"]
[SourceTitle "Ajedrez en Madrid"]
[Source "lmi"]
[SourceDate "2018.09.24"]
[WhiteTeam "India"]
[BlackTeam "Argentina"]
[WhiteTeamCountry "IND"]
[BlackTeamCountry "ARG"]

1. d4 d5 2. c4 c6 3. Nf3 e6 4. Qc2 Nf6 5. Nbd2 Nbd7 6. g3 b6 7. Bg2 Bb7 8. O-O
Be7 9. Rd1 Rc8 10. e4 c5 11. exd5 exd5 12. b3 dxc4 13. Qxc4 O-O 14. Bb2 Bd5 15.
Qd3 Qc7 16. Nh4 Bxg2 17. Kxg2 cxd4 18. Bxd4 Qc2 19. Nc4 Qxd3 20. Rxd3 Nc5 21.
Nf5 Bd8 22. Rdd1 Ne6 23. Bb2 b5 24. Nfd6 Rc5 25. Ne3 Bb6 26. Bxf6 gxf6 27. Ne4
Rc6 28. Nxf6+ Kh8 29. Nd7 Rg8 30. Nxb6 Rxb6 31. Rd7 Ng5 32. h4 Ne4 33. Rxf7 Re6
34. Nd5 Rd6 35. Re1 1-0

[Event "43. Olimpiada Batumi 2018 Femenina"]
[Site "Batumi GEO"]
[Date "2018.09.28"]
[Round "5.1"]
[White "Melia, Salome"]
[Black "Atalik, Ekaterina"]
[Result "1-0"]
[WhiteElo "2391"]
[BlackElo "2447"]
[PlyCount "111"]
[EventDate "2018.09.24"]
[EventType "team-swiss"]
[EventRounds "11"]
[EventCountry "GEO"]
[SourceTitle "Ajedrez en Madrid"]
[Source "lmi"]
[SourceDate "2018.09.24"]
[WhiteTeam "Georgia 2"]
[BlackTeam "Turkey"]
[BlackTeamCountry "TUR"]

1. e4 e5 2. Nf3 Nc6 3. Bc4 Bc5 4. c3 Nf6 5. d4 exd4 6. e5 d5 7. Bb5 Ne4 8. cxd4
Bb4+ 9. Bd2 Nxd2 10. Nbxd2 Bd7 11. O-O O-O 12. a3 Bxd2 13. Bxc6 Bh6 14. Bxd7
Qxd7 15. Qd3 g6 16. g3 Rfe8 17. Kg2 Rac8 18. Rfe1 b6 19. Rad1 Rcd8 20. b4 Qa4
21. h4 Bf8 22. h5 Qd7 23. hxg6 hxg6 24. Rh1 c5 25. bxc5 bxc5 26. dxc5 Bg7 27.
Qd4 Qc7 28. Rhe1 Re6 29. Rc1 Rc6 30. Ng5 Qe7 31. Qh4 Rdc8 32. e6 f6 33. Qh7+
Kf8 34. Nf3 Rxe6 35. Rxe6 Qxe6 36. Qxg6 Qe4 37. Qxe4 dxe4 38. Nd4 Kf7 39. Nb5
Bf8 40. Nxa7 Rxc5 41. Rxc5 Bxc5 42. Nb5 Ke6 43. a4 Kd5 44. Nc3+ Kd4 45. Ne2+
Kd3 46. Nf4+ Kc4 47. g4 Bb6 48. Nh5 Bd4 49. Ng3 Kd5 50. a5 Ke5 51. a6 Ba7 52.
Ne2 e3 53. f3 Kd5 54. Kf1 Kc4 55. Nf4 Bb8 56. Ke2 1-0